Score 0/9 Timer 12:00
0 Plays Today
Description Answer % Correct
Second Chefsous-chef
80%
Standby actorunderstudy
80%
Plant sculpturetopiary
60%
One who makes winevintner
40%
Metal traditionally used w/ stained glasslead
40%
Rapper who increases crowd excitementhype-man
20%
Self-conscious artperformance art
20%
Mediate between the melody and the measure (for movies)orchestrator
20%
A 6% overdose of aldehyde accordsperfumer
20%
Remove Ads.
Support Sporcle.
Get the best of Sporcle when you Go Orange. This ad-free experience offers more features, more stats, and more fun while also helping to support Sporcle. Thank you for becoming a member.

You're not logged in!

Compare scores with friends on all Sporcle quizzes.
OR
Log In

Show Comments

Extras

Created Nov 6, 2010ReportNominate
Tags:Artist Quiz

Top Quizzes Today


Score Distribution

Your Account Isn't Verified!

In order to create a playlist on Sporcle, you need to verify the email address you used during registration. Go to your Sporcle Settings to finish the process.

Report this User

Report this user for behavior that violates our Community Guidelines.

Details: